Widok standardowy
Widok MARC
Pozycja Personal Name
Liczba rekordów, w których użyto hasła: 1
001 - Numer kontrolny
- control field: 39735
003 - Identyfikator numeru kontrolnego
- control field: NUKAT
005 - Data i czas ostatniej modyfikacji
- control field: 20260409112613.0
008 - Dane kontrolne kodowane (40 znaków)
- fixed length control field: 991227n||a|znnaabn |a aaa |c
010 ## - Numer kontrolny Biblioteki Kongresu
- numer kontrolny LC: n 99049884
024 7# - OTHER STANDARD IDENTIFIER
- Standard number or code: 102046149
- Source of number or code: viaf
024 7# - OTHER STANDARD IDENTIFIER
- Standard number or code: 0000000117780590
- Source of number or code: isni
024 7# - OTHER STANDARD IDENTIFIER
- Standard number or code: Q20030016
- Source of number or code: wikidata
040 ## - Instytucja sporządzająca rekord
- inst. przygot. dane do rek. khw: LUBL KUL/MC
- język haseł przedmiotowych/tezaurus: kaba
- inst. wprow. rek. khw: LUBL KUL/MC
- inst. modyf. rek. khw: LUBL M/mm
- inst. modyf. rek. khw: KR U/HW
- inst. modyf. rek. khw: BSTOK U/DUN5KP
046 ## - Special dates
- Birth date: 1969
100 1# - Hasło - nazwa osobowa
- nazwa osobowa w formie ujednoliconej: Osadczy, Włodzimierz
- daty biograficzne: (1969- ).
372 ## - Field of activity
- Field: Historia.
- Auth control #: http://nukat.edu.pl/aut/s 94205867
- Source of term: kaba
374 ## - Occupation
- Occupation: Historycy.
- Auth control #: http://nukat.edu.pl/aut/s 94205772
- Source of term: kaba
400 1# - Trop zob. - nazwa osobowa
- nazwa osobowa (nazwisko, imiona): Osadčij, Volodimir.
670 ## - Źródło informacji
- źródło informacji: Kp. Kościół i Cerkiew na wspólnej drodze / Włodzimierz Osadczy. - Lublin, 1999.
670 ## - Źródło informacji
- źródło informacji: Informacje od Autora
670 ## - Źródło informacji
- źródło informacji: Kp. Katolic'ka cerkva v Ukraïnì / Volodimir Osadčij. - Lublin, 2001.